|
|
|
|
| LEADER |
00985nam a2200337 4500 |
| 001 |
DLU040028520 |
| 005 |
##20040618 |
| 040 |
# |
# |
|a DLU
|b vie
|
| 041 |
# |
# |
|a vie
|
| 044 |
# |
# |
|a vn
|
| 082 |
# |
# |
|a 305.3
|b Xah
|
| 245 |
# |
# |
|a Xã hội học về giới và phát triển /
|c Lê Ngọc Hùng, Nguyễn Thị Mỹ Lộc đồng chủ biên, ... [và những người khác]
|
| 260 |
# |
# |
|a H. :
|b Đại học Quốc gia,
|c 2000
|
| 300 |
# |
# |
|a 191 tr. ;
|c 21 cm
|
| 504 |
# |
# |
|a Tài liệu tham khảo :tr.184-190
|
| 650 |
# |
# |
|a Giới,
|
| 650 |
# |
# |
|a Phụ nữ trong phát triển
|z Việt Nam.
|
| 700 |
# |
# |
|a Lê Ngọc Hùng
|e chủ biên
|
| 700 |
# |
# |
|a Nguyễn Đình Tấn
|
| 700 |
# |
# |
|a Nguyễn Quý Thành
|
| 700 |
# |
# |
|a Nguyễn Thị Mỹ Lộc
|e chủ biên
|
| 923 |
# |
# |
|a 18/2004
|
| 992 |
# |
# |
|a 14500
|
| 994 |
# |
# |
|a DLU
|
| 900 |
# |
# |
|a True
|
| 911 |
# |
# |
|a Đào Thị Thu Huyền
|
| 925 |
# |
# |
|a G
|
| 926 |
# |
# |
|a A
|
| 927 |
# |
# |
|a SH
|
| 980 |
# |
# |
|a Thư viện Trường Đại học Đà Lạt
|